| 000 | 00784nam a22002177a 4500 | ||
|---|---|---|---|
| 005 | 2010080202252.0 | ||
| 010 | _aENG-97794 | ||
| 020 |
_a9789380502199 _c440.00 |
||
| 035 | _aEN-81327 | ||
| 037 | _bDBAD/PUB | ||
| 082 | _a358.400954 | ||
| 100 |
_aJasjit Singh _94432 |
||
| 245 |
_aAir dominance : _bproceedings of the seminar / _cby Jasjit Singh |
||
| 260 |
_aNew Delhi _bKW Publishers _c2010 |
||
| 270 |
_a4676/21, First Floor, Ansari Road, Daryaganj _bNew Delhi _e110002 |
||
| 300 |
_axvi, 176p. _c24cm (Hb) |
||
| 650 |
_aAir Power _94433 |
||
| 650 |
_aFighter planes _94434 |
||
| 942 |
_2ddc _cEN _h358.400954 _mJAS |
||
| 999 |
_c38739 _d38739 |
||